000 00530nam a2200181Ia 4500
008 090123s9999 xx 000 0 und d
082 _b2090
_a891.463/पाध्ये
100 _aपाध्ये भाऊ
245 _aअग्रेसर
250 _a1
260 _bधुतपापेश्वरप्रेस
300 _a120
600 _aपाध्ये भाऊ
630 _aअग्रेसर
700 _aपाध्ये भाऊ
730 _aअग्रेसर
942 _cBOOK
999 _c40174
_d40174